[Event "Vall del Tenes op 5th"]
[Site "Vall del Tenes"]
[Date "2016.04.22"]
[Round "3"]
[White "Puig Estival, Joan"]
[Black "Salinas Duffo, Gaspar"]
[Result "0-1"]
[WhiteElo "1662"]
[BlackElo "1735"]
[PlyCount "42"]
[EventDate "2016.04.08"]
[EventType "swiss"]
[EventRounds "8"]
[EventCountry "ESP"]
[SourceTitle "CBM 172 Extra"]
[Source "ChessBase"]
[SourceDate "2016.06.21"]
[SourceVersion "1"]
[SourceVersionDate "2016.06.21"]
[SourceQuality "1"]

1. e4 e5 2. d3 Nc6 3. Nf3 Nf6 4. Nc3 Bb4 5. Bd2 0-0 6. Be2 d6 7. a3 Ba5 8. b4 Bb6 9. b5 Nd4 10. Na4 Nxe2 11. Qxe2 Bd7 12. Nxb6 axb6 13. Bb4 Re8 14. d4 exd4 15. Nxd4 Nxe4 16. 0-0 Ng3 17. Qf3 Nxf1 18. Kxf1 Ra7 19. Nf5 Bxb5+ 20. Kg1 Qf6 21. Qf4 Qxa1+ 0-1

[Event "Canovelles op-B"]
[Site "Canovelles"]
[Date "1999.??.??"]
[Round "8"]
[White "Puig Estival, Joan"]
[Black "Bernardez Rodriguez, Jaume"]
[Result "0-1"]
[WhiteElo "1850"]
[BlackElo "1940"]
[PlyCount "48"]
[EventDate "1999.??.??"]
[EventType "swiss"]
[EventRounds "9"]
[EventCountry "ESP"]
[SourceTitle "EXT 2000"]
[Source "ChessBase"]
[SourceDate "1999.11.16"]
[SourceVersion "1"]
[SourceVersionDate "1999.11.16"]
[SourceQuality "1"]

1. e4 c5 2. Nf3 a6 3. Bc4 e6 4. d3 Nc6 5. c3 Be7 6. 0-0 Na5 7. Nfd2 b5 8. Bxe6 dxe6 9. a3 Bb7 10. b4 cxb4 11. cxb4 Nc6 12. Bb2 Bf6 13. Bxf6 Nxf6 14. Re1 Qxd3 15. Re3 Qd4 16. Ra2 Ne5 17. Qe2 Rd8 18. f3 0-0 19. Nb3 Qd1+ 20. Qf1 Qxf1+ 21. Kxf1 Rd1+ 22. Kf2 Rxb1 23. Na5 Ba8 24. g4 Nfxg4+ 0-1

[Event "Canovelles op-B"]
[Site "Canovelles"]
[Date "1999.??.??"]
[Round "3"]
[White "Rodriguez Garcia, Daniel"]
[Black "Puig Estival, Joan"]
[Result "1-0"]
[WhiteElo "1700"]
[BlackElo "1850"]
[PlyCount "75"]
[EventDate "1999.??.??"]
[EventType "swiss"]
[EventRounds "9"]
[EventCountry "ESP"]
[SourceTitle "EXT 2000"]
[Source "ChessBase"]
[SourceDate "1999.11.16"]
[SourceVersion "1"]
[SourceVersionDate "1999.11.16"]
[SourceQuality "1"]

1. e4 e5 2. Nf3 d6 3. Nc3 a6 4. d4 Bg4 5. dxe5 Bxf3 6. Qxf3 dxe5 7. Bc4 Nf6 8. Bg5 Be7 9. Rd1 Nbd7 10. Nd5 b5 11. Nxf6+ Nxf6 12. Rxd8+ Rxd8 13. Bxf6 bxc4 14. Bxg7 Rg8 15. Bxe5 Rd7 16. 0-0 Rg5 17. Bf6 Rb5 18. Bxe7 Rxe7 19. Qg4 Rd7 20. b3 cxb3 21. axb3 Rb4 22. Qg8+ Ke7 23. Qxh7 Rbd4 24. h3 c5 25. Qf5 f6 26. Qxc5+ R4d6 27. e5 fxe5 28. Qxe5+ Re6 29. Qc3 Kf7 30. Re1 Rdd6 31. Rxe6 Kxe6 32. Qe3+ Kd7 33. c4 Re6 34. Qa7+ Ke8 35. b4 Re1+ 36. Kh2 Ra1 37. c5 a5 38. c6 1-0

[Event "Centelles op B"]
[Site "Centelles"]
[Date "1996.09.14"]
[Round "2"]
[White "Capella Baladas, Pere"]
[Black "Puig Estival, Joan"]
[Result "1-0"]
[WhiteElo "1885"]
[BlackElo "1760"]
[PlyCount "51"]
[EventDate "1996.09.07"]
[EventType "swiss"]
[EventRounds "8"]
[EventCountry "ESP"]
[SourceTitle "EXT 2003"]
[Source "ChessBase"]
[SourceDate "2002.11.25"]
[SourceVersion "1"]
[SourceVersionDate "2002.11.25"]
[SourceQuality "1"]

1. d4 d5 2. Nf3 Nf6 3. Bg5 h6 4. Bxf6 exf6 5. e3 Bg4 6. Bd3 Nc6 7. c3 Bd6 8. Nbd2 0-0 9. 0-0 a6 10. e4 Bf4 11. g3 Bxd2 12. exd5 Qxd5 13. Be2 Bg5 14. h4 Bxh4 15. Nxh4 Bh3 16. Re1 g5 17. Bf3 Qd6 18. Ng2 Rad8 19. Qd3 g4 20. Be4 Kg7 21. Nh4 Kh8 22. Nf5 Qd7 23. Qe3 Kg8 24. Qxh6 Qxf5 25. Bxf5 Rfe8 26. Qh7+ 1-0